Opinión pública y fuerzas armadas en el Cono Sur /

Guardat en:
Dades bibliogràfiques
Autor principal: Malamud, Marina
Format: Text
Etiquetes: Afegir etiqueta
Sense etiquetes, Sigues el primer a etiquetar aquest registre!

MARC

LEADER 00000 a a2200000 04500
001 13226
003
040
100 |a Malamud, Marina  
245 |a Opinión pública y fuerzas armadas en el Cono Sur /  |c Marina Malamud 
773 |g número 20 Primavera; páginas 129-137  
999 |c 39420  |d 39420